TEXT ATLAS OF THE RETINA / (Record no. 798520)

MARC details
000 -LEADER
fixed length control field 00540pam a2200205 a 4500
020 ## - INTERNATIONAL STANDARD BOOK NUMBER
International Standard Book Number 185317226X
Terms of availability 11856.00
041 ## - LANGUAGE CODE
Language code of text/sound track or separate title eng
Language code of original NULL
082 ## - DEWEY DECIMAL CLASSIFICATION NUMBER
Classification number 617.7
Item number HAM/GRE
100 ## - MAIN ENTRY--PERSONAL NAME
Personal name HAMILTON, A .
245 ## - TITLE STATEMENT
Title TEXT ATLAS OF THE RETINA /
Statement of responsibility, etc. NULL.
Medium Textual Documents
260 ## - PUBLICATION, DISTRIBUTION, ETC.
Place of publication, distribution, etc. NULL :
Name of publisher, distributor, etc. MARTIN DUNITZ ,
Date of publication, distribution, etc. 1998.
300 ## - PHYSICAL DESCRIPTION
Extent 417 :
Other physical details VIII ;
Dimensions A4 .
365 ## - TRADE PRICE
Price type code 11856.00
504 ## - BIBLIOGRAPHY, ETC. NOTE
Bibliography, etc. note OPHTHALMOLOGY
653 ## - INDEX TERM--UNCONTROLLED
Uncontrolled term OPHTHALMOLOGY
700 ## - ADDED ENTRY--PERSONAL NAME
Personal name GREGSON, R .
-- FISH, G .
907 ## - LOCAL DATA ELEMENT G, LDG (RLIN)
a 8761
930 ## - EQUIVALENCE OR CROSS-REFERENCE-UNIFORM TITLE HEADING [LOCAL, CANADA]
Uniform title 3986
Holdings
Withdrawn status Lost status Damaged status Not for loan Home library Current library Date acquired Cost, normal purchase price Total Checkouts Full call number Barcode Date last seen Copy number Price effective from Koha item type
        Medical College & Hospital, Sangli Medical College & Hospital, Sangli 28/11/2011 11856.00   617.7 HAM/GRE MCS-8761 26/07/2023 2 26/07/2023 Book
        Medical College & Hospital, Sangli Medical College & Hospital, Sangli 28/11/2011 11856.00   617.7 HAM/GRE MCS-8630 26/07/2023 1 26/07/2023 Book